| 000 | 00371nam a2200145Ia 4500 | ||
|---|---|---|---|
| 008 | 230917s9999||||xx |||||||||||||| ||und|| | ||
| 040 |
_e199734 _aMAIN |
||
| 041 | _aEnglish | ||
| 082 | _a355.0218 S73T | ||
| 100 | _aSarkar, Bhasker | ||
| 245 | 0 | _aTackling the Maoist insurgency | |
| 260 |
_aNew Delhi _bAtlantic Publishers _c2012 |
||
| 300 | _axv, 201 p. | ||
| 942 | _cBK | ||
| 999 |
_c169662 _d169662 |
||